<?xml version="1.0" encoding="UTF-8"?>
<collection xmlns="http://www.loc.gov/MARC21/slim">
 <record>
  <leader>01392nam a2200205Ia 4500</leader>
  <controlfield tag="001">TDMU_40414</controlfield>
  <controlfield tag="008">210410s9999    xx            000 0 und d</controlfield>
  <datafield tag="082" ind1=" " ind2=" ">
   <subfield code="a">368.38</subfield>
  </datafield>
  <datafield tag="100" ind1=" " ind2=" ">
   <subfield code="a">Nguyễn, Văn Kha</subfield>
  </datafield>
  <datafield tag="245" ind1=" " ind2="0">
   <subfield code="a">Hiện trạng đời sống văn học Đồng Bằng Sông Cửu Long</subfield>
  </datafield>
  <datafield tag="245" ind1=" " ind2="0">
   <subfield code="b">Từ năm 2000 đến nay</subfield>
  </datafield>
  <datafield tag="245" ind1=" " ind2="0">
   <subfield code="c">Nguyễn Văn Kha (chủ biên), Vũ Văn Ngọc, Lê Thị Thanh Tâm, Phan Văn Tường</subfield>
  </datafield>
  <datafield tag="260" ind1=" " ind2=" ">
   <subfield code="b">Trường Đại học Thủ Dầu Một</subfield>
  </datafield>
  <datafield tag="260" ind1=" " ind2=" ">
   <subfield code="c">2015</subfield>
  </datafield>
  <datafield tag="300" ind1=" " ind2=" ">
   <subfield code="a">237 tr</subfield>
  </datafield>
  <datafield tag="520" ind1=" " ind2=" ">
   <subfield code="a">TM tài liệu tham khảo tr. 214-225; Gồm 3 chương: Tiền đề lịch sử - Văn hóa - Xã hội của văn học Đồng Bằng Sông Cửu Long đầu thế kỷ XXI; Tình hình sáng tác, nghiên cứu, phê bình văn học Đồng Bằng Sông Cửu Long từ năm 2000 đến nay; Quảng bá và thưởng thức văn học ở Đồng Bằng Sông Cửu Long từ năm 2000 đến nay.</subfield>
  </datafield>
  <datafield tag="650" ind1=" " ind2=" ">
   <subfield code="a">Lịch sử văn học</subfield>
   <subfield code="z">Đồng Bằng Sông Cửu Long; Văn học</subfield>
   <subfield code="x">Phê bình</subfield>
   <subfield code="z">Đồng Bằng Sông Cửu Long</subfield>
  </datafield>
  <datafield tag="700" ind1=" " ind2=" ">
   <subfield code="a">Lê, Thị Thanh Tâm</subfield>
  </datafield>
  <datafield tag="856" ind1=" " ind2=" ">
   <subfield code="u">http://lrc.tdmu.edu.vn/opac/search/detail.asp?aID=2&amp;ID=40414</subfield>
  </datafield>
  <datafield tag="980" ind1=" " ind2=" ">
   <subfield code="a">Trung tâm Học liệu Trường Đại học Thủ Dầu Một</subfield>
  </datafield>
 </record>
</collection>
